Adiós Muchachos: una memoria de la revolución sandinista /
Gespeichert in:
| 1. Verfasser: | |
|---|---|
| Format: | Unbekannt |
| Sprache: | Spanish |
| Veröffentlicht: |
Mexico, D. F. :
Aguilar,
1999.
|
| Schlagworte: | |
| Tags: |
Tag hinzufügen
Keine Tags, Fügen Sie den ersten Tag hinzu!
|
MARC
| LEADER | 000000000a22000000004500 | ||
|---|---|---|---|
| 001 | 003428 | ||
| 041 | 0 | |a spa | |
| 082 | 0 | 4 | |a 972.850.53 |b R173a |
| 100 | 1 | |a Ramírez Mercado, Sergio, |d 1942- | |
| 245 | 1 | 0 | |a Adiós Muchachos: una memoria de la revolución sandinista / |c Sergio Ramírez Mercado. |
| 260 | 1 | |a Mexico, D. F. : |b Aguilar, |c 1999. | |
| 300 | |a 314 páginas | ||
| 650 | 4 | |a FRENTE SANDINISTA DE LIBERACION NACIONAL | |
| 650 | 4 | |a GUERRILLAS | |
| 650 | 4 | |a NICARAGUA | |
| 650 | 4 | |a BIOGRAFIAS | |
| 650 | 4 | |a HISTORIA | |
| 650 | 4 | |a REVOLUCION, 1979 | |
| 999 | |c 9653 |d 9653 | ||
| 942 | |c BK |h 972.850.53 R173a |2 z | ||
